000 00591nam a22002057a 4500
003 Ost
005 20230605151738.0
008 230605b |||||||| |||| 00| 0 eng d
020 _a9789389447057
040 _cBT-PhCST
050 _a24623-24625
082 _222
_a621.3
_bSIN
100 _4Singh, R.P.
245 _aElectrical workshop :
_bsafety, commissioning, maintenance & testing of electrical equipment /
250 _a3 ed.
260 _aNoida :
_bShree Maitrey Printech Pvt. Ltd,
_cc2019
300 _axv, 346 p. :
_bill. ;
_c24 cm.
500 _aIncludes index.
942 _2ddc
_cEE
999 _c9584
_d9584